LEADER 01008nlm 2200253Ia 450 001 996412747303316 005 20210429084002.0 100 $a19831112d1679---- uy | 101 0 $aeng 135 $adrcnu 200 1 $aRose 1679$ea new almanack for the year from the nativity of our Lord and Saviour Jesus Christ 1679 : being the third from bissextile or leap-year, and from the creation of the world 5699 : calculated for the meridian of the honourable city of London ... and may serve for any other part of England$fby George Rose 210 1 $aLondon$cPrinted by Tho. Hodgskin for the Company of Stationers$d1679 215 $aTesto elettronico (PDF) ([40] p. : ill.) 230 $aBase dati testuale 300 $aRiproduzione dell'originale nella British Library. 606 0 $aAstrologia$2BNCF 676 $a133.5 700 1$aROSE,$bGeorge$0792742 801 0$bcba$aIT$bcba$gREICAT 912 $a996412747303316 959 $aEB 969 $aER 996 $aRose 1679$91772811 997 $aUNISA